000 00821nam a22002057a 4500
005 2012082307117.0
010 _aB-461399
020 _a9780143102090
_c199.00
035 _aB-461399
037 _adpl
_bVirtuous Pub/Ven
082 _aS
100 _aTagore, Rabindranath
_951495
245 _aHe (Shey)/
_cby Rabindranath Tagore; translated by Aparna Chaudhuri
260 _aNew Delhi
_bPenguin Books
_c2007
270 _a11, Community Centre, Panchsheel Park
_bNew Delhi
_e110017
300 _a154p.
_c19cm (pbk)
942 _2ddc
_cEN
_mTAG
_hS
999 _c69240
_d69240